Football féminin A-Z - Statistiques

Statistiques générales
  • Ce quiz a été pris 262 fois
  • Le résultat moyen est 14 sur 25
Statistiques - réponses
Lettre Indice Réponse % Correct
A Seul club anglais à avoir remporté la Ligue des Champions Arsenal
98%
E Pays le plus titré de la Coupe du Monde États-Unis
83%
R Légende du football français, elle est la capitaine de son club et de la sélection Wendie Renard
78%
S Pays accueillant l’Euro 2025 Suisse
76%
M Légende du football brésilien, un prix porte désormais son nom Marta
74%
I Pays dont la ligue est classée cinquième au classement UEFA Italie
68%
C Pays ayant remporté les JO de Tokyo 2020 puis ayant été accusé de triche lors des olympiades suivantes Canada
67%
O Club détenant le record de Ligue des Champions remportées Olympique Lyonnais
66%
L Joueuse la plus capée de l’équipe de France Eugénie Le Sommer
65%
H Première femme à avoir remporté le Ballon d’Or Ada Hegerberg
64%
D Sélectionneuse controversée de l’équipe de France, licenciée en 2023 Corinne Diacre
59%
Q Pays dont la sélection n’a pas joué le moindre match officiel depuis 2014 Qatar
58%
Y Pays n’ayant pas de sélection nationale féminine Yémen
57%
B Seule femme à avoir remporté la Ligue des Champions en tant qu’entraîneuse et joueuse Sonia Bompastor
56%
W Deuxième club allemand le plus titré en Ligue des Champions Wolfsburg
54%
N Ligue professionnelle américaine NWSL
53%
Z Sélection dont la star est l'attaquante Barbra Banda Zambie
50%
F Seul club de l’élite française sans équivalent masculin professionnel Fleury
46%
P Première division française Première Ligue
42%
T Ville ayant accueilli la finale de l'édition 2022 de la Ligue des Champions Turin
41%
J Club historique du football français féminin, qui a fusionné avec le Paris FC en 2017 Juvisy
36%
K Millionnaire américaine et propriétaire entre autres des Washington Spirit Michele Kang
36%
G Club français relégué en seconde division pour la première fois depuis 18 ans à l’issue de la saison 2024/2025 Guingamp
32%
V Sélectionneur de l'Espagne, renvoyé suite au scandale d'agression sexuelle ayant éclaté après la Coupe du Monde 2023 Jorge Vilda
18%
U Seul club suédois ayant remporté la Ligue des Champions Umeå
9%
Aucun quiz correspondant
Distribution des résultats
% des personnes avec chaque résultat
Percentile par nombre de réponses
Votre historique - résultats
Vous n’avez pas pris ce quiz